[Event "Let's Play Chess!"]
[Site "http://www.queenalice.com/game.php?id=23961"]
[Date "2005.8.14"]
[Round "-"]
[White "lupum"]
[Black "dnptrs"]
[Result "1-0"]
[WhiteElo "1500"]
[BlackElo "1945"]

1. d4 Nf6 2. c4 e6 3. Nc3 d5 4. Bg5 Be7 5. e3 O-O 6. Nf3 c6 7. Bd3 h6 8. Bh4
Nbd7 9. Qc2 Ne8 10. Bxe7 Qxe7 11. O-O dxc4 12. Bxc4 e5 13. Rfe1 Nc7 14. Rad1 b6
15. d5 cxd5 16. Nxd5 Nxd5 17. Bxd5 Rb8 18. Qc7 Qc5 19. Qxa7 Bb7 20. Bxf7+ Kxf7
21. Rxd7+ Ke6 22. Rxg7 1-0

[Event "Let's Play Chess!"]
[Site "http://www.queenalice.com/game.php?id=23962"]
[Date "2005.8.14"]
[Round "-"]
[White "dnptrs"]
[Black "lupum"]
[Result "0-1"]
[WhiteElo "1912"]
[BlackElo "1500"]

1. d4 Nf6 2. Nf3 d5 3. e3 e6 4. c4 dxc4 5. Bxc4 a6 6. O-O c5 7. Nc3 b5 8. Be2
Bb7 9. a3 Nc6 10. dxc5 Bxc5 11. b4 Bd6 12. Bb2 O-O 13. Qb3 Qe7 14. Rfd1 Rfd8 15.
Rd2 Ne5 16. Qd1 Bxf3 17. gxf3 Rac8 18. Ne4 Nxe4 19. fxe4 Nc4 20. Bxc4 bxc4 21.
Bd4 c3 22. Rd3 Qg5+ 23. Kh1 c2 24. Qf1 Bxh2 25. Kxh2 Qh4+ 0-1

[Event "Challenge"]
[Site "http://www.queenalice.com/game.php?id=23963"]
[Date "2005.8.13"]
[Round "-"]
[White "lupum"]
[Black "jiikoo"]
[Result "0-1"]
[WhiteElo "1495"]
[BlackElo "2082"]

1. d4 d5 2. c4 Nf6 3. cxd5 e6 4. dxe6 Bxe6 5. Nf3 c5 6. Nc3 Nc6 7. e3 Be7 8. Be2
O-O 9. O-O cxd4 10. exd4 Qb6 11. d5 Rfd8 12. dxe6 Rxd1 13. exf7+ Kxf7 14. Bxd1
Kf8 15. Bb3 Na5 16. Be3 Qb4 17. Be6 Nc4 18. a3 Qxb2 19. Bd4 Nd2 20. Ra2 Qxa2 21.
Bxa2 Nxf1 22. Kxf1 Rc8 0-1

[Event "Challenge"]
[Site "http://www.queenalice.com/game.php?id=24031"]
[Date "2005.8.13"]
[Round "-"]
[White "lupum"]
[Black "Homer"]
[Result "0-1"]
[WhiteElo "1495"]
[BlackElo "1658"]

1. d4 d5 2. c4 e6 3. Nc3 Nf6 4. Nf3 dxc4 5. e4 Bb4 6. Bg5 Bxc3+ 7. bxc3 h6 8.
Bxf6 Qxf6 9. Bxc4 Nc6 10. e5 Qf4 11. Bd3 f5 12. O-O Qg4 13. Bb5 Bd7 14. d5 Nxe5
15. Nxe5 Qxd1 16. Bxd7+ Ke7 17. Raxd1 exd5 18. Rxd5 Kf6 0-1

[Event "Challenge"]
[Site "http://www.queenalice.com/game.php?id=24032"]
[Date "2005.8.13"]
[Round "-"]
[White "Pegasus"]
[Black "lupum"]
[Result "1-0"]
[WhiteElo "1488"]
[BlackElo "1429"]

1. d4 Nf6 2. c4 g6 3. Nc3 Bg7 4. Nf3 O-O 5. e4 d6 6. Bf4 Na6 7. a3 c5 8. d5 Nh5
9. Bg3 Nxg3 10. hxg3 Qb6 11. Rb1 Bg4 12. Qc2 h6 13. Be2 Rad8 14. Nh2 Bd7 15. Bg4
f5 16. exf5 gxf5 17. Bh3 1-0

[Event "AUTO-OPEN-126"]
[Site "http://www.queenalice.com/game.php?id=24096"]
[Date "2005.8.14"]
[Round "1"]
[White "lupum"]
[Black "adilson_camargo"]
[Result "0-1"]
[WhiteElo "1399"]
[BlackElo "1584"]

1. d4 Nf6 2. c4 e6 3. Nc3 Bb4 4. Qc2 O-O 5. a3 Bxc3+ 6. Qxc3 d6 7. Bg5 h6 8. Bh4
d5 9. e3 Nc6 10. Nf3 Bd7 11. Qc2 dxc4 12. Bxc4 Ne7 13. Bxf6 gxf6 14. O-O Kh8 15.
Rfd1 Bc6 16. e4 Rg8 0-1

[Event "AUTO-OPEN-126"]
[Site "http://www.queenalice.com/game.php?id=24097"]
[Date "2005.8.14"]
[Round "1"]
[White "adilson_camargo"]
[Black "lupum"]
[Result "1-0"]
[WhiteElo "1575"]
[BlackElo "1411"]

1. d4 Nf6 2. c4 g6 3. e3 Bg7 4. Bd3 d5 5. c5 O-O 6. Nc3 Nc6 7. Nf3 Bg4 8. O-O e5
9. dxe5 Nxe5 10. Be2 Nxf3+ 11. Bxf3 Bxf3 12. Qxf3 c6 13. Bd2 Qe7 14. b4 1-0

[Event "AUTO-OPEN-126"]
[Site "http://www.queenalice.com/game.php?id=24099"]
[Date "2005.8.14"]
[Round "1"]
[White "dlabedz"]
[Black "lupum"]
[Result "1-0"]
[WhiteElo "1199"]
[BlackElo "1389"]

1. e4 c6 2. f3 d5 3. d3 e5 4. Nc3 Bd6 5. exd5 cxd5 6. Nxd5 Be6 7. c4 Ne7 8. Ne2
Nxd5 9. cxd5 Bxd5 10. Nc3 Be6 11. Nb5 Qa5+ 12. Bd2 Qxb5 13. b3 Nc6 14. d4 Qd5
15. Bc3 exd4 16. Qd2 Qe5+ 17. Be2 dxc3 18. Qc2 Bf5 19. Qxf5 Qxf5 20. Rc1 Nd4 21.
Bc4 Bc5 22. Rxc3 Qb1+ 23. Kf2 Nf5+ 24. Ke2 Qb2+ 25. Kd3 O-O-O+ 26. Ke4 1-0

[Event "AUTO-OPEN-126"]
[Site "http://www.queenalice.com/game.php?id=24100"]
[Date "2005.8.14"]
[Round "1"]
[White "lupum"]
[Black "Be0wulf"]
[Result "0-1"]
[WhiteElo "1439"]
[BlackElo "1745"]

1. d4 Nf6 2. c4 e6 3. Nc3 Bb4 4. Qc2 d5 5. cxd5 Nxd5 6. e4 Nb6 7. Nf3 c5 8. a3
Bxc3+ 9. bxc3 cxd4 10. cxd4 O-O 11. Bd3 Bd7 0-1

[Event "AUTO-OPEN-126"]
[Site "http://www.queenalice.com/game.php?id=24101"]
[Date "2005.8.14"]
[Round "1"]
[White "Be0wulf"]
[Black "lupum"]
[Result "1-0"]
[WhiteElo "1749"]
[BlackElo "1433"]

1. Nf3 Nc6 2. g3 e5 3. Nc3 d5 4. Bg2 e4 5. Ng1 d4 6. Nxe4 f5 7. e3 fxe4 8. Bxe4
Nf6 9. Bg2 Bg4 10. f3 Be6 11. e4 1-0

[Event "Challenge"]
[Site "http://www.queenalice.com/game.php?id=25489"]
[Date "2005.8.23"]
[Round "-"]
[White "lupum"]
[Black "NextFuture"]
[Result "0-1"]
[WhiteElo "1439"]
[BlackElo "2053"]

1. d4 Nf6 2. c4 c5 3. d5 g6 4. Nc3 Bg7 5. e4 d6 6. Be2 O-O 7. Bg5 b5 8. cxb5 a6
9. a4 Qa5 10. Bd2 Nbd7 11. Ra3 e6 12. dxe6 fxe6 13. Nf3 Nh5 0-1